ბათუმის შოთა რუსთაველის სახელმწიფო უნივერსიტეტის ბიბლიოთეკა

აჭარის ხელუხლებელი ტყეები : VIRGIN FORESTS IN ADJARA / (ბიბ.ჩანაწერი № 60474)

000 -ლიდერი
ფიქსირებული სიგრძის საკონტროლო ველი 01163nam a22002177a 4500
003 - საკონტროლო ნომრის იდენტიფიკატორი
საკონტროლო ველი Ge_BSU
005 - ბოლო ოპერაციის თარიღი და დრო
საკონტროლო ველი 20230728132745.0
008 - ფიქსირებული სიგრძის მონაცემთა ელემენტები - ზოგადი ინფორმაცია
ფიქსირებული სიგრძის საკონტროლო ველი 230728s2022ge xxu||||| |||| 00| 0 geo d
041 ## - ენის კოდი
Language code of text/sound track or separate title geo
080 ## - უნივერსალური ათობითი კლასიფიკაციის ინდექსი
Universal Decimal Classification number 630.23(479.22)ს-21
100 ## - მთავარი ჩანაწერი - პიროვნების სახელი
Personal name სამადაშვილი, ქეთევან ავტორი
9 (RLIN) 19555
245 ## - ცნობა სათაურის შესახებ
Title აჭარის ხელუხლებელი ტყეები : VIRGIN FORESTS IN ADJARA /
Statement of responsibility, etc ქეთევან სამადაშვილი, ლელა ჯანაშია, დავით ხარაზიშვილი.
264 ## - წარმოების, გამოცემის, დისტრიბუციის და სხვა ცნობები
გამოცემის, წარმოების, დისტრიბუციის... ადგილი თბილისი,
გამოცემის, წარმოების, დისტრიბუციის... თარიღი 2022.
300 ## - ფიზიკური აღწერა
Extent 33 გვ.:
Other physical details ილ;
Dimensions 24 სმ.
653 ## - INDEX TERM--UNCONTROLLED
Uncontrolled term აჭარის ხელუხლებელი ტყეები
653 ## - INDEX TERM--UNCONTROLLED
Uncontrolled term აჭარის ხელუხლებელი ტყეების შენარჩუნება და მართვა
653 ## - INDEX TERM--UNCONTROLLED
Uncontrolled term სატყეო მეურნეობა, მეტყევეობა.
700 ## - ADDED ENTRY--PERSONAL NAME
Personal name ჯანაშია, ლელა
9 (RLIN) 19556
700 ## - ADDED ENTRY--PERSONAL NAME
Personal name ხარაზიშვილი, დავით
9 (RLIN) 2519
942 ## - ADDED ENTRY ELEMENTS (KOHA)
Source of classification or shelving scheme
Koha item type წიგნი
ეგზემპლარები
ჩამოწერის სტატუსი დაკარგული ეგზემპლარის სტატუსი კლასიფიკაციის წყარო ან თაროზე გაწყობის სქემა დაზიანების სტატუსი არ გაიცემა მუდმივი მდებარეობა (დაცვის ადგილი) ამჟამინდელი ადგილსამყოფელი თაროზე განთავსების ადგილი შეძენის თარიღი ღირებულება, შესყიდვის ნორმალური ფასი სრული შენახვის შიფრი შტრიხკოდი ბოლო ოპერაციის თარიღი ეგზემპლარის მიმდევრობითი ნომერი (კეტერი?) ფასის ძალაში შესვლის თარიღი ეგზემპლარის სახეობა საჯარო შენიშვნა
          ბათუმის შოთა რუსთაველის სახელმწიფო უნივერსიტეტის მთავარი ბიბლიოთეკა პროფესიული პროგრამების მართვის და უწყვეტი განათლების ცენტრის ბიბლიოთეკა წიგნსაცავი 2023-07-28 4.00 630.23(479.22)ს-21 65055 2023-07-28 65055 2023-07-28 წიგნი 4.00